Alle bijbelboeken - Statistieken

Algemene statistieken
  • Deze quiz is 900 keer genomen
  • De gemiddelde score is 41 van 66
Antwoordstatistieken
Antwoord % Correct
Genesis
97%
Exodus
95%
Leviticus
89%
Johannes
85%
Numeri
84%
Psalmen
84%
Mattheüs
83%
Lukas
80%
1 Koningen
79%
2 Koningen
79%
Deuteronomium
79%
Job
79%
Markus
78%
Ruth
78%
1 Kronieken
77%
2 Kronieken
77%
Spreuken
77%
Openbaring
74%
1 Samuël
72%
2 Samuël
72%
Esther
71%
Hooglied
71%
Jeremia
71%
Jozua
71%
Jesaja
70%
Romeinen
69%
Handelingen
68%
Richteren
68%
Daniël
67%
Habakuk
65%
Nehemia
64%
Prediker
64%
Ezra
63%
Klaagliederen
63%
Jona
62%
1 Johannes
60%
2 Johannes
60%
Obadja
59%
Judas
58%
Ezechiël
56%
Maleachi
56%
Micha
56%
3 Johannes
54%
Amos
54%
1 Petrus
52%
2 Petrus
52%
Zacharia
52%
Hosea
49%
Joël
49%
1 Korinthe
48%
2 Korinthe
48%
Galaten
48%
Efeziërs
47%
Fillippenzen
46%
Nahum
46%
Sefanja
43%
Titus
42%
Haggaï
41%
Kolossenzen
41%
Jakobus
39%
1 Thessalonicenzen
38%
1 Timotheüs
38%
2 Thessalonicenzen
38%
Filemon
38%
Hebreeën
38%
2 Timotheüs
37%
Geen overeenkomende quizzen gevonden
Scoreverdeling
Procent van Mensen met Elke Score
Percentiel versus Aantal Correcte Antwoorden
Uw Scoregeschiedenis
U heeft deze quiz nog niet genomen